[Event "Catalunya-chT Gp1"]
[Site "Barcelona"]
[Date "2024.02.24"]
[Round "6.4"]
[White "Pi Pares, Albert"]
[Black "Moskalenko, Viktor"]
[Result "0-1"]
[WhiteElo "2240"]
[BlackElo "2416"]
[PlyCount "56"]
[EventDate "2024.01.20"]
[EventType "team-tourn"]
[EventRounds "7"]
[EventCountry "ESP"]
[SourceTitle "CB11_2024"]
[SourceDate "2024.03.13"]
[SourceVersion "1"]
[SourceVersionDate "2024.03.13"]
[SourceQuality "1"]
[WhiteTeam "Figueres"]
[BlackTeam "Colon Sabadell"]
[WhiteTeamCountry "ESP"]
[BlackTeamCountry "ESP"]

1. e4 g6 2. d4 Bg7 3. Nc3 d6 4. Be3 a6 5. g4 Nc6 6. d5 Ne5 7. h3 Nf6 8. g5 Nh5 9. Be2 c5 10. a4 f5 11. gxf6 Nxf6 12. f4 Nf7 13. Bf3 0-0 14. Nge2 e6 15. dxe6 Bxe6 16. Ng3 Qe7 17. Kf2 Rad8 18. Qd2 Bd7 19. Kg2 Bc6 20. Rhe1 b5 21. axb5 axb5 22. Ra6 Be8 23. b4 cxb4 24. Na2 Rc8 25. Nxb4 Rc4 26. Bd4 Nd8 27. c3 Ne6 28. Nd5 Nxd5 0-1

[Event "Catalunya-chT Gp1"]
[Site "Barcelona"]
[Date "2024.01.27"]
[Round "2.5"]
[White "Pi Pares, Albert"]
[Black "Ortega Serra, Marc"]
[Result "1/2-1/2"]
[WhiteElo "2240"]
[BlackElo "2265"]
[PlyCount "109"]
[EventDate "2024.01.20"]
[EventType "team-tourn"]
[EventRounds "7"]
[EventCountry "ESP"]
[SourceTitle "CB11_2024"]
[SourceDate "2024.03.13"]
[SourceVersion "1"]
[SourceVersionDate "2024.03.13"]
[SourceQuality "1"]
[WhiteTeam "Figueres"]
[BlackTeam "Cerdanyola Valles"]
[WhiteTeamCountry "ESP"]
[BlackTeamCountry "ESP"]

1. c4 f5 2. Nc3 Nf6 3. g3 e5 4. Bg2 Nc6 5. a3 a5 6. Rb1 g6 7. d3 Bg7 8. b4 axb4 9. axb4 0-0 10. b5 Ne7 11. Nf3 d6 12. 0-0 h6 13. Bb2 g5 14. Nd2 Qe8 15. e3 Qg6 16. f4 Kh8 17. Qe2 Re8 18. fxe5 dxe5 19. c5 f4 20. Nc4 Nf5 21. exf4 exf4 22. Ne5 Rxe5 23. Qxe5 Ng4 24. Qxc7 Bd4+ 25. Rf2 Bxf2+ 26. Kf1 Bd4 27. Be4 Be6 28. Qxb7 Re8 29. Nd1 Nxh2+ 30. Kg2 f3+ 31. Bxf3 Nxf3 32. Qxf3 Rd8 33. Nf2 Bxb2 34. Rxb2 Nd4 35. Qe3 Qf5 36. c6 Qd5+ 37. Qe4 Qxe4+ 38. Nxe4 Rb8 39. c7 Rxb5 40. Ra2 Kg7 41. Ra7 Rb2+ 42. Kf1 Bh3+ 43. Ke1 Kg6 44. Ra6+ Kg7 45. Ra7 Kf8 46. Ra8+ Ke7 47. c8Q Bxc8 48. Rxc8 Ke6 49. Re8+ Kf5 50. Nd6+ Kg6 51. Ne4 Nf3+ 52. Kf1 Kf5 53. Rf8+ Kg4 54. Nf2+ Kxg3 55. Ne4+ 1/2-1/2

[Event "Catalunya-chT Gp2"]
[Site "Barcelona"]
[Date "2023.01.21"]
[Round "?"]
[White "Pi Pares, Albert"]
[Black "Kozlov, Gennady"]
[Result "0-1"]
[WhiteElo "2252"]
[BlackElo "2371"]
[PlyCount "114"]
[EventDate "2023.01.21"]
[EventType "team-tourn"]
[EventRounds "7"]
[EventCountry "ESP"]
[SourceTitle "CBM 212 Extra"]
[Source "ChessBase"]
[SourceDate "2023.03.31"]
[SourceVersion "1"]
[SourceVersionDate "2023.03.31"]
[SourceQuality "1"]
[WhiteTeam "Figueres"]
[BlackTeam "Platja D'Aro"]
[WhiteTeamCountry "ESP"]
[BlackTeamCountry "ESP"]

1. d4 e6 2. Bf4 Nf6 3. e3 c5 4. Nf3 Nc6 5. Nbd2 d5 6. c3 Bd6 7. Bg3 Bxg3 8. hxg3 Qd6 9. Qa4 cxd4 10. exd4 Bd7 11. Be2 h6 12. Qc2 a6 13. a4 0-0 14. Kf1 Ng4 15. Ng5 f5 16. Bxg4 hxg5 17. Be2 g4 18. Nb3 Kf7 19. Nc5 Rh8 20. Rg1 b6 21. Nd3 g6 22. Re1 Kg7 23. f4 gxf3 24. gxf3 Rh2 25. Rg2 Rah8 26. Kf2 e5 27. dxe5 Nxe5 28. b4 Nc4 29. Bf1 d4 30. Qc1 Ne3 31. Rxe3 dxe3+ 32. Qxe3 Rxg2+ 33. Kxg2 Re8 34. Qg5 Qf6 35. Qxf6+ Kxf6 36. Nf4 Bc6 37. Kf2 g5 38. Nh5+ Kg6 39. g4 fxg4 40. fxg4 Rf8+ 41. Ke1 Rf3 42. Bxa6 Bd7 43. Be2 Rxc3 44. Kd2 Ra3 45. Bd3+ Kf7 46. Ng3 Rxa4 47. Ne4 Rxb4 48. Nxg5+ Ke7 49. Ne4 Bxg4 50. Kc3 Ra4 51. Kb3 Bd1+ 52. Kb2 Bf3 53. Nc3 Rd4 54. Bc2 Bc6 55. Bb3 Kd6 56. Bg8 Rg4 57. Bf7 b5 0-1

[Event "Catalunya-chT Gp2"]
[Site "Barcelona"]
[Date "2022.01.29"]
[Round "2.4"]
[White "Fantinel, Thibault"]
[Black "Pi Pares, Albert"]
[Result "1/2-1/2"]
[WhiteElo "2376"]
[BlackElo "2222"]
[PlyCount "68"]
[EventDate "2022.01.22"]
[EventType "team-tourn"]
[EventRounds "9"]
[EventCountry "ESP"]
[SourceTitle "CBM 206 Extra"]
[Source "ChessBase"]
[SourceDate "2022.03.31"]
[SourceVersion "1"]
[SourceVersionDate "2022.03.31"]
[SourceQuality "1"]
[WhiteTeam "Platja D'Aro"]
[BlackTeam "Figueres"]
[WhiteTeamCountry "ESP"]
[BlackTeamCountry "ESP"]

1. e4 c6 2. Nf3 d5 3. d3 dxe4 4. dxe4 Qxd1+ 5. Kxd1 Nf6 6. Nbd2 g6 7. Bc4 Bh6 8. Ne5 0-0 9. f3 Nbd7 10. Nd3 Rd8 11. Bb3 b5 12. a4 Bb7 13. e5 Nd5 14. Bxd5 cxd5 15. axb5 a6 16. Nb3 Bxc1 17. Kxc1 axb5 18. Kd2 f6 19. exf6 e5 20. Ndc5 Nxc5 21. Nxc5 Bc6 22. Nd3 Re8 23. Rhe1 e4 24. Nb4 Bb7 25. Rxa8 Rxa8 26. fxe4 dxe4 27. Ke3 Kf7 28. Rf1 h5 29. h3 Rc8 30. c3 Rc5 31. Ra1 Kxf6 32. Ra8 Bc8 33. Kxe4 Kg5 34. Ra7 h4 1/2-1/2

[Event "Catalunya-chT Gp2"]
[Site "Barcelona"]
[Date "2020.02.22"]
[Round "6.4"]
[White "Akbarinia, Sayed Arash"]
[Black "Pi Pares, Albert"]
[Result "1-0"]
[WhiteElo "2371"]
[BlackElo "2230"]
[PlyCount "68"]
[EventDate "2020.01.18"]
[EventType "team-tourn"]
[EventRounds "7"]
[EventCountry "ESP"]
[SourceTitle "CBM 195 Extra"]
[Source "ChessBase"]
[SourceDate "2020.05.31"]
[SourceVersion "1"]
[SourceVersionDate "2020.05.31"]
[SourceQuality "1"]
[WhiteTeam "Sant Andreu"]
[BlackTeam "Figueres"]
[WhiteTeamCountry "ESP"]
[BlackTeamCountry "ESP"]

1. c4 e5 2. Nc3 Nf6 3. g3 Bb4 4. Bg2 0-0 5. Nf3 Re8 6. 0-0 c6 7. Qb3 Na6 8. d4 d6 9. a3 exd4 10. axb4 dxc3 11. bxc3 d5 12. cxd5 Qxd5 13. c4 Qd6 14. Ba3 Ne4 15. Rad1 Qh6 16. Bc1 Qh5 17. Nd4 Bd7 18. f3 Nf6 19. e4 c5 20. g4 Nxg4 21. fxg4 Bxg4 22. Nf3 Nxb4 23. Qe3 Nc2 24. Qf2 Nd4 25. Rde1 Rad8 26. e5 Bxf3 27. Bxf3 Nxf3+ 28. Qxf3 Qxf3 29. Rxf3 Rd4 30. Rb3 b6 31. Rc3 Re6 32. Re2 Rg6+ 33. Kh1 Rgg4 34. Ra2 Rd7 1-0

[Event "Catalunya-chT Gp2"]
[Site "Barcelona"]
[Date "2020.01.18"]
[Round "1.3"]
[White "Real de Azua, Ernesto"]
[Black "Pi Pares, Albert"]
[Result "1-0"]
[WhiteElo "2456"]
[BlackElo "2230"]
[PlyCount "45"]
[EventDate "2020.01.18"]
[EventType "team-tourn"]
[EventRounds "7"]
[EventCountry "ESP"]
[SourceTitle "CBM 194 Extra"]
[Source "ChessBase"]
[SourceDate "2020.03.31"]
[SourceVersion "1"]
[SourceVersionDate "2020.03.31"]
[SourceQuality "1"]
[WhiteTeam "Valls"]
[BlackTeam "Figueres"]
[WhiteTeamCountry "ESP"]
[BlackTeamCountry "ESP"]

1. d4 d5 2. c4 e6 3. Nc3 c6 4. e4 dxe4 5. Nxe4 Bb4+ 6. Bd2 Qxd4 7. Bxb4 Qxe4+ 8. Be2 Na6 9. Ba5 b6 10. Qd6 Bd7 11. 0-0-0 0-0-0 12. Bc3 Nh6 13. Qd3 Kb7 14. Bxg7 e5 15. Qe3 Qxg2 16. Bxh8 Nf5 17. Qxe5 Nc5 18. Bf6 Re8 19. Rxd7+ Nxd7 20. Qxe8 Nxf6 21. Qxf7+ Kb8 22. Qxf6 Qxh1 23. Qh8+ 1-0

[Event "Catalunya-chT Gp1"]
[Site "Barcelona"]
[Date "2019.02.23"]
[Round "6.7"]
[White "Bruned Segura, Mario"]
[Black "Pi Pares, Albert"]
[Result "0-1"]
[WhiteElo "2067"]
[BlackElo "2153"]
[PlyCount "36"]
[EventDate "2019.01.19"]
[EventType "team-tourn"]
[EventRounds "7"]
[EventCountry "ESP"]
[SourceTitle "CBM 189 Extra"]
[Source "ChessBase"]
[SourceDate "2019.06.03"]
[SourceVersion "1"]
[SourceVersionDate "2019.06.03"]
[SourceQuality "1"]
[WhiteTeam "Lleida"]
[BlackTeam "Figueres"]
[WhiteTeamCountry "ESP"]
[BlackTeamCountry "ESP"]

1. e4 d6 2. d4 Nf6 3. Nc3 Nbd7 4. Nf3 e5 5. Bc4 Be7 6. 0-0 c6 7. dxe5 dxe5 8. a4 Qc7 9. h3 h6 10. Nh4 g6 11. Kh1 Nc5 12. Qe2 Ne6 13. f4 Nh5 14. Qf2 exf4 15. Bxf4 Qxf4 16. Qxf4 Nexf4 17. Rxf4 Nxf4 18. Rf1 Be6 0-1

[Event "Catalunya-chT Gp1"]
[Site "Barcelona"]
[Date "2019.01.19"]
[Round "1.7"]
[White "Gonzalez Vericat, Sergio"]
[Black "Pi Pares, Albert"]
[Result "0-1"]
[WhiteElo "2122"]
[BlackElo "2153"]
[PlyCount "60"]
[EventDate "2019.01.19"]
[EventType "team-tourn"]
[EventRounds "7"]
[EventCountry "ESP"]
[SourceTitle "CBM 188 Extra"]
[Source "ChessBase"]
[SourceDate "2019.02.26"]
[SourceVersion "1"]
[SourceVersionDate "2019.02.26"]
[SourceQuality "1"]
[WhiteTeam "Gerunda"]
[BlackTeam "Figueres"]
[WhiteTeamCountry "ESP"]
[BlackTeamCountry "ESP"]

1. b3 e5 2. Bb2 Nc6 3. e3 d5 4. Bb5 Bd6 5. f4 f6 6. fxe5 fxe5 7. Nf3 Nh6 8. Bxe5 Bxe5 9. Nxe5 Qh4+ 10. g3 Qe4 11. Nf3 0-0 12. 0-0 Bg4 13. Be2 d4 14. Ng5 Qe5 15. Bxg4 Qxg5 16. Be6+ Kh8 17. e4 Qe7 18. Bf5 g6 19. Bh3 Ne5 20. d3 Rxf1+ 21. Bxf1 Rf8 22. Nd2 Qg5 23. Nc4 Nf3+ 24. Kh1 b5 25. Bg2 Ng4 26. Qe2 Nfxh2 27. Qd2 Qh5 28. Kg1 bxc4 29. Qb4 Nf3+ 30. Kf1 c5 0-1

[Event "Catalunya-chT"]
[Site "Spain"]
[Date "2003.??.??"]
[Round "7"]
[White "Pi Pares, Albert"]
[Black "Chalmeta Torredemer, Josep"]
[Result "0-1"]
[WhiteElo "2102"]
[BlackElo "2216"]
[PlyCount "96"]
[EventDate "2003.??.??"]
[EventType "team"]
[EventRounds "9"]
[EventCountry "ESP"]
[SourceTitle "EXT 2007"]
[Source "ChessBase"]
[SourceDate "2006.11.23"]
[SourceVersion "1"]
[SourceVersionDate "2006.11.23"]
[SourceQuality "1"]

1. e4 e5 2. f4 Bc5 3. Nf3 d6 4. c3 Bg4 5. Bc4 Bxf3 6. Qxf3 Nf6 7. Na3 0-0 8. fxe5 dxe5 9. Nc2 Qe7 10. d3 Nbd7 11. Bg5 a5 12. 0-0-0 Nb6 13. Rhf1 Nxc4 14. dxc4 Ra6 15. Qf5 Qe6 16. Bxf6 Qxf5 17. Rxf5 gxf6 18. Rf3 Rc6 19. b3 Bb6 20. a4 Kh8 21. Rfd3 Re6 22. Rd7 Kg7 23. Ne1 Kg6 24. Nf3 Kh5 25. h3 Ree8 26. g4+ Kg6 27. Nh4+ Kg5 28. Nf5 Kf4 29. Re1 Rd8 30. Rxd8 Rxd8 31. Kc2 Bf2 32. Rf1 Kf3 33. h4 Rg8 34. Nh6 Rg6 35. g5 Rxh6 36. gxh6 f5 37. Rd1 fxe4 38. Rd7 e3 39. Rxf7+ Kg2 40. Rxh7 e2 41. Rg7+ Kf1 42. h7 e1Q 43. h8Q Qe2+ 44. Kb1 Qd3+ 45. Ka2 Qc2+ 46. Ka3 Bc5+ 47. b4 Qxc3+ 48. Ka2 Qc2+ 0-1

[Event "Catalunya-ch U20"]
[Site "Spain"]
[Date "1999.??.??"]
[Round "?"]
[White "Fluvia Poyatos, Jordi"]
[Black "Pi Pares, Albert"]
[Result "1-0"]
[WhiteElo "2090"]
[BlackElo "2095"]
[PlyCount "93"]
[EventDate "1999.??.??"]
[EventType "swiss"]
[EventRounds "9"]
[EventCountry "ESP"]
[SourceTitle "EXT 2000"]
[Source "ChessBase"]
[SourceDate "1999.11.16"]
[SourceVersion "1"]
[SourceVersionDate "1999.11.16"]
[SourceQuality "1"]

1. e4 g6 2. d4 Bg7 3. Nc3 c6 4. h3 d5 5. Nf3 Nf6 6. e5 Ne4 7. Bd3 Nxc3 8. bxc3 c5 9. dxc5 Nc6 10. Bf4 Qa5 11. 0-0 Qxc3 12. Rb1 Qa5 13. Qe2 e6 14. Rb5 Qc7 15. c4 0-0 16. Qe3 d4 17. Qe4 a6 18. Rb6 Qe7 19. Rxc6 bxc6 20. Qxc6 Ra7 21. Rb1 Rd7 22. Be4 h6 23. Rb8 Rc7 24. Qd6 Qxd6 25. cxd6 Rxc4 26. Nd2 Rc1+ 27. Kh2 g5 28. Bg3 Bd7 29. Rb6 a5 30. Nb3 Rc4 31. Nxa5 Rc5 32. Nb3 Rb5 33. Rxb5 Bxb5 34. Nxd4 Bd7 35. Bc6 Rd8 36. a4 Kf8 37. a5 Ke8 38. Bb7 Bc8 39. Be4 Rxd6 40. exd6 Bxd4 41. Bc6+ Kd8 42. f4 Bc3 43. fxg5 hxg5 44. h4 Bxa5 45. Be5 Bd7 46. Bxd7 Kxd7 47. h5 1-0

[Event "Catalunya-ch U20"]
[Site "Spain"]
[Date "1999.??.??"]
[Round "?"]
[White "Serra Pages, Jordi"]
[Black "Pi Pares, Albert"]
[Result "1/2-1/2"]
[WhiteElo "2155"]
[BlackElo "2095"]
[PlyCount "86"]
[EventDate "1999.??.??"]
[EventType "swiss"]
[EventRounds "9"]
[EventCountry "ESP"]
[SourceTitle "EXT 2000"]
[Source "ChessBase"]
[SourceDate "1999.11.16"]
[SourceVersion "1"]
[SourceVersionDate "1999.11.16"]
[SourceQuality "1"]

1. d4 Nf6 2. c4 c5 3. Nf3 g6 4. Nc3 Bg7 5. e4 cxd4 6. Nxd4 d6 7. Be2 Nc6 8. Be3 0-0 9. 0-0 Bd7 10. Rc1 a6 11. Qd2 Ng4 12. Bxg4 Bxg4 13. Nxc6 bxc6 14. Bd4 Bxd4 15. Qxd4 e5 16. Qe3 Rb8 17. b3 f6 18. h3 Be6 19. Rfd1 Rf7 20. Rd3 Rd7 21. Rcd1 Qc7 22. R1d2 Rbd8 23. Qf3 Kf7 24. Qd1 Ke7 25. Kf1 f5 26. exf5 Bxf5 27. Re3 Be6 28. Qe2 Qa5 29. Kg1 Rf8 30. Na4 c5 31. Rdd3 Bxc4 32. bxc4 Qxa4 33. Qg4 Kd8 34. Rb3 Rf4 35. Qg5+ Kc7 36. Rxe5 Rxc4 37. Re8 Rb4 38. Qd5 Qc6 39. Qg8 Kb6 40. Rb8+ Rb7 41. Rc8 Rc7 42. Rb8+ Rb7 43. Rc8 Rc7 1/2-1/2

[Event "Juvenil op"]
[Site "Spain"]
[Date "1997.??.??"]
[Round "5"]
[White "Pi Pares, Albert"]
[Black "Heredia Tarrats, Amadeo"]
[Result "1-0"]
[WhiteElo "2105"]
[BlackElo "2025"]
[PlyCount "57"]
[EventDate "1997.??.??"]
[EventType "swiss"]
[EventRounds "8"]
[EventCountry "ESP"]
[SourceTitle "EXT 1999"]
[Source "ChessBase"]
[SourceDate "1998.11.16"]
[SourceVersion "1"]
[SourceVersionDate "1998.11.16"]
[SourceQuality "1"]

1. e4 e6 2. d4 d5 3. Nc3 Bb4 4. e5 c5 5. a3 Bxc3+ 6. bxc3 Ne7 7. Qg4 Qc7 8. Qxg7 Rg8 9. Qxh7 cxd4 10. Ne2 Nbc6 11. f4 Bd7 12. Qd3 dxc3 13. Rb1 0-0-0 14. Nxc3 Na5 15. h3 Nc4 16. g4 Qc5 17. Ne4 Qa5+ 18. Bd2 Qxa3 19. Nd6+ Kb8 20. Rxb7+ Ka8 21. Qxa3 Nxa3 22. Bd3 Nc4 23. Bxc4 dxc4 24. 0-0 Nc8 25. Ra1 Bc6 26. Rxf7 Nxd6 27. Rfxa7+ Kb8 28. exd6 Rxd6 29. Bc3 1-0

[Event "Olot op"]
[Site "Olot"]
[Date "1996.??.??"]
[Round "1"]
[White "Mellado Trivino, Juan"]
[Black "Pi Pares, Albert"]
[Result "1-0"]
[WhiteElo "2455"]
[BlackElo "2100"]
[PlyCount "49"]
[EventDate "1996.??.??"]
[EventType "swiss"]
[EventRounds "9"]
[EventCountry "ESP"]
[SourceTitle "EXT 2003"]
[Source "ChessBase"]
[SourceDate "2002.11.25"]
[SourceVersion "1"]
[SourceVersionDate "2002.11.25"]
[SourceQuality "1"]

1. c4 g6 2. Nc3 Bg7 3. d4 c5 4. dxc5 Bxc3+ 5. bxc3 f5 6. e4 fxe4 7. h4 h6 8. Qg4 Kf7 9. h5 g5 10. Qxe4 Nf6 11. Qg6+ Kf8 12. f4 Qa5 13. Ne2 Nc6 14. fxg5 Ne5 15. Qc2 hxg5 16. Bxg5 Qxc5 17. Bxf6 exf6 18. Nd4 Nxc4 19. Bxc4 Qxc4 20. 0-0-0 d5 21. Rdf1 Rh6 22. Qd2 Kg7 23. Rf3 Bd7 24. Rg3+ Kh7 25. Rg6 1-0